000 00422nam a2200097Ia 4500
005 20250424112909.0
008 250424s9999 xx 000 0 und d
300 _a[various pages]. :ill. ; 28 cm.
650 _aPollution--China--Periodicals. Environmental sciences--China--Periodicals. Ecology--China--Periodicals. Environmental health--China--Periodicals. Conservation of natural resources--China--Periodicals.
942 _cSR
999 _c37758
_d37758